000
00284nam a22001337a 4500
008
170919b xxu||||| |||| 00| 0 eng d
020
_a
9780026883368
041
_a
eng
080
_a
7
100
_a
44
101
_a
ART
245
_a
ART CONNECTIONS
_c
MCGRAW HILL
942
_2
udc
_c
BK
999
_c
28183
_d
28183